The right to food guidelines : (Record no. 11479)
[ view plain ]
| 000 -LEADER | |
|---|---|
| fixed length control field | 00485cam a2200169Ia 4500 |
| 020 ## - INTERNATIONAL STANDARD BOOK NUMBER | |
| ISBN | 9251055122 |
| 020 ## - INTERNATIONAL STANDARD BOOK NUMBER | |
| ISBN | 9789251055120 |
| 040 ## - CATALOGING SOURCE | |
| Transcribing agency | GUA |
| 082 ## - DEWEY DECIMAL CLASSIFICATION NUMBER | |
| Classification number | 344 FOO 2006 A015 Or. |
| 245 04 - TITLE STATEMENT | |
| Title | The right to food guidelines : |
| Remainder of title | information papers and case studies |
| 260 ## - PUBLICATION, DISTRIBUTION, ETC. (IMPRINT) | |
| Place of publication | Rome : |
| Name of publisher | Food and Agriculture Organization of the United Nations, |
| Year of publication | 2006 |
| 300 ## - PHYSICAL DESCRIPTION | |
| Number of Pages | vii, 219 p. : |
| Other physical details | ill. ; |
| Dimensions | 25 cm |
| 650 #0 - SUBJECT ADDED ENTRY--TOPICAL TERM | |
| Topical Term | Food supply |
| 650 #0 - SUBJECT ADDED ENTRY--TOPICAL TERM | |
| Topical Term | Hunger |
| 650 #0 - SUBJECT ADDED ENTRY--TOPICAL TERM | |
| Topical Term | Human rights |
| 942 ## - ADDED ENTRY ELEMENTS (KOHA) | |
| Koha item type | សៀវភៅភាសាអង់គ្លេស |
| 952 ## - LOCATION AND ITEM INFORMATION (KOHA) | |
| Withdrawn status [LOCAL, KOHA] | 0 |
| Permanent Location | Date acquired | Koha item type | Lost status | Shelving location | Barcode | Current Location | Full call number |
|---|---|---|---|---|---|---|---|
| Library Block A | 2017-08-02 | សៀវភៅភាសាអង់គ្លេស | A015 | RUA056352 | Library Block A | 344 FOO 2006 A015 Or. |